000 00616nam a2200181 a 4500
001 000023435
005 20200930022222.0
008 101207s1971 sp ac 000 | spa d
040 _aDO-SdBNP
_bspa
_cBNPHU
100 1 _aMarco, Tomás,
_d1942-
_948289
245 1 0 _aLuis de Pablo /
_cTomás Marco.
260 _aMadrid :
_bDirección General de Bellas Artes;
_bMinisterio de Educación y Ciencia,
_c1971.
300 _a77 p. :
_bil., retrs. ;
_c17 cm.
490 1 _aArtistas Españoles Contemporáneos
_v6
490 1 _aMúsicos
830 0 _aArtistas Españoles Contemporáneos ;
_v6
_pMúsicos
_948290
049 _aBNGR
999 _c22931
_d22931